[Event "Antananarivo Elo May"]
[Site "Antananarivo"]
[Date "2022.05.09"]
[Round "2"]
[White "Rajoarimanana, Fanahy Fortunat"]
[Black "Rakotoarimalala, Francois Jean"]
[Result "0-1"]
[WhiteElo "1501"]
[BlackElo "1720"]
[PlyCount "73"]
[EventDate "2022.05.07"]
[EventType "swiss"]
[EventRounds "6"]
[EventCountry "MAD"]
[SourceTitle "EXT 2023"]
[Source "ChessBase"]
[SourceDate "2022.10.05"]
[SourceVersion "1"]
[SourceVersionDate "2022.10.05"]
[SourceQuality "1"]

1. Nf3 Nf6 2. c4 e6 3. Nc3 Bb4 4. Qc2 b6 5. e3 Bb7 6. Be2 0-0 7. a3 Bxc3 8. dxc3 c5 9. Bd2 d5 10. Rd1 dxc4 11. Bc1 Qc7 12. Bxc4 Nc6 13. e4 Na5 14. Ba2 Bxe4 15. Qe2 c4 16. 0-0 Bd3 17. Rxd3 cxd3 18. Qxd3 Rad8 19. Qe2 h6 20. g3 Nc6 21. Re1 Rfe8 22. Bf4 Qd7 23. Bc4 Nd5 24. Bb5 Nxf4 25. gxf4 Qd5 26. c4 Qd6 27. Qe4 Rc8 28. Ne5 f5 29. Qf3 Nd4 30. Qh5 Rf8 31. Rd1 Rcd8 32. Kg2 Qc7 33. Ba4 Rf6 34. Rxd4 Rxd4 35. Qe8+ Kh7 36. Nd7 Qb7+ 37. Kg3 0-1